El lenguaje claro para el acceso a la justicia y como garantía de los derechos de la seguridad social (Registro nro. 30021)

Detalles MARC
000 -LEADER
fixed length control field 00382 a2200109 4500
001 - CONTROL NUMBER
control field ART_56356
005 - DATE AND TIME OF LATEST TRANSACTION
control field 20260410161947.0
008 - FIXED-LENGTH DATA ELEMENTS--GENERAL INFORMATION
fixed length control field 260409a
100 1# - MAIN ENTRY--PERSONAL NAME
Personal name Blanco, Mariela
245 10 - TITLE STATEMENT
Title El lenguaje claro para el acceso a la justicia y como garantía de los derechos de la seguridad social
773 0# - HOST ITEM ENTRY
Title Temas de derecho laboral
Related parts - N° 6 (jun. 2022)
Record control number REV27619

No hay ítems disponibles.